Loading...
| Auditory Arts | 6 | 13.33 | 83% | 17% | 33% |
| Beliefs | 9 | 15.56 | 100% | 44% | 11% |
| Current Events | 2 | 15.00 | 50% | 100% | 0% |
| Fine Arts - Other Arts | 6 | 11.67 | 83% | 33% | 0% |
| Geography | 1 | 20.00 | 100% | 100% | 0% |
| History - American History | 3 | 13.33 | 100% | 0% | 33% |
| History - Ancient History | 2 | 15.00 | 100% | 50% | 0% |
| History - European History | 4 | 15.00 | 100% | 25% | 25% |
| History - World History | 6 | 10.00 | 83% | 17% | 0% |
| Literature - American Literature | 8 | 26.25 | 125% | 63% | 75% |
| Literature - British Literature | 6 | 25.00 | 100% | 100% | 50% |
| Literature - European Literature | 6 | 20.00 | 100% | 83% | 17% |
| Literature - World Literature | 5 | 14.00 | 100% | 20% | 20% |
| Other Academic | 1 | 0.00 | 0% | 0% | 0% |
| Philosophy | 8 | 15.00 | 100% | 38% | 13% |
| Science - Biology | 5 | 14.00 | 80% | 60% | 0% |
| Science - Chemistry | 5 | 12.00 | 100% | 20% | 0% |
| Science - Other Science | 6 | 11.67 | 67% | 50% | 0% |
| Science - Physics | 4 | 10.00 | 100% | 0% | 0% |
| Social Science | 2 | 20.00 | 100% | 50% | 50% |
| Visual Arts | 4 | 15.00 | 100% | 50% | 0% |